Statistics for Все цвета радуги

Click here to take the quiz!

General Stats

  • This quiz has been taken 322 times
  • The average score is 7 of 7

Answer Stats

Цвет% Correct
Красный
100%
Синий
98%
Фиолетовый
98%
Оранжевый
97%
Зелёный
94%
Голубой
94%
Жёлтый
93%

Score Distribution

Percentile by Number Answered

Percent of People with Each Score

Your Score History

You have not taken this quiz